Bienvenido a nuestro catálago, Biblioteca Universidad Monteávila

Differential Equations (Registro nro. 13349)

Detalles MARC
000 -CABECERA
campo de control de longitud fija 01873nam a2200241 4500
003 - IDENTIFICADOR DEL NÚMERO DE CONTROL
campo de control vecauma
005 - FECHA Y HORA DE LA ÚLTIMA TRANSACCIÓN
campo de control 20260410190348.0
007 - CAMPO FIJO DE DESCRIPCIÓN FÍSICA--INFORMACIÓN GENERAL
campo de control de longitud fija ta
008 - DATOS DE LONGITUD FIJA--INFORMACIÓN GENERAL
campo de control de longitud fija 260410b ve ||||| |||| 00| 0 spa d
020 ## - ISBN
Número Internacional Estándar del Libro 0534955800
040 ## - FUENTE DE LA CATALOGACIÓN
Centro catalogador/agencia de origen vecauma
Lengua de catalogación spa
Centro/agencia transcriptor vecauma
Centro/agencia modificador vecauma
Normas de descripción rda
041 ## - CÓDIGO DE LENGUA
Código de lengua del recurso spa
100 1# - AUTOR PERSONAL
Término indicativo de función/relación autor
245 1# - MENCIÓN DE TÍTULO
Título Differential Equations
Mención de responsabilidad, etc. / With Boundary-Value Problems
264 ## - PRODUCCIÓN, PUBLICACIÓN, DISTRIBUCIÓN, FABRICACIÓN Y COPYRIGHT
Producción, publicación, distribución, fabricación y copyright Estado Unidos de América:
Nombre del de productor, editor, distribuidor, fabricante Fourth edition;
Fecha de producción, publicación, distribución, fabricación o copyright 1997.
300 ## - DESCRIPCIÓN FÍSICA
Extensión 582 páginas.
336 ## - TIPO DE CONTENIDO
Término de tipo de contenido texto
Código de tipo de contenido txt
Fuente rdacontenido
337 ## - TIPO DE MEDIO
Nombre/término del tipo de medio no mediado
Código del tipo de medio n
Fuente rdamedio
338 ## - TIPO DE SOPORTE
Nombre/término del tipo de soporte volumen
Código del tipo de soporte nc
Fuente rdasoporte
505 0# - NOTA DE CONTENIDO CON FORMATO
Nota de contenido con formato Introduction to diferential equations /<br/>First-Order differential equations /<br/>Modeling with first-order differential equations /<br/><br/>AZT and survivability with AIDOS /<br/>by Ivan Kramen<br/>Wolf population dynamics /<br/>by C. Knickerbocker<br/><br/>Differential equations of higher order /<br/>Modeling with higher-order differential equations /<br/><br/>Decay of satellite orbits /<br/>by John Ellison <br/>The collapse of the tacoma narrows suspension bridge <br/>by Gilbert N. Lewis /<br/><br/>Series solutions of linear equations /<br/>Laplace transform /<br/>Systems of linear first-order differential equations /<br/><br/>Modeling an Arms race /<br/>by Michael OLinick <br/>Numerical methods for ordinary differential equations /<br/>Plane autonomous Systems and stability /<br/><br/>The limit cycle in predator-Prey Models /<br/>by M.R. Cullen<br/>Symbolic Dynamics and smale´s horseshoe<br/>by John Hubbard<br/><br/>Partial differential equations and Boundary-Value problems in rectangular coordinates /<br/>Boundary-Value problems in other coordinate systems /<br/>Integral transform method /<br/><br/>The shape of a drumbeat /<br/>by M.R. Cullen<br/>Chemical communication and the diffusion equation /<br/>by M.R. Cullen<br/><br/>Numerical methods for partial differential equations /
942 #1 - ELEMENTOS DE ENTRADA AGREGADA (KOHA)
Fuente del sistema de clasificación o colocación Library of Congress Classification
Ocultar en OPAC No
Tipo de ítem Koha Libros
Existencias
Estado de retiro Estado de pérdida Fuente del sistema de clasificación o colocación Estado dañado No para préstamo Código de colección Localización permanente Ubicación/localización actual Ubicación en estantería Fecha de adquisición Total de préstamos Código de barras Fecha visto por última vez Precio válido a partir de Tipo de ítem Koha
    Library of Congress Classification     Colección general Biblioteca Universidad Monteávila Biblioteca Universidad Monteávila Colección general 10/04/2026   2026-0487 10/04/2026 10/04/2026 Libros

Copyright @ UMA Library
Universidad Monteávila Caracas, Venezuela

Edif. Sede principal Universidad Monteávila. Av. El Buen Pastor. Boleíta Norte. Caracas. 
Customized by Universidad Monteávila

Con tecnología Koha